00348nam a2200133Ia 4500008004100000040001600041041001200057082001700069100002200086245004400108250001200152260003400164300001600198230917s9999||||xx |||||||||||||| ||und|| e81750aMAIN aEnglish a372.13 H769H aHoover, Kenneth H 0aHandbook for elementary school teachers a2nd ed. aBostonbAllyn and Baconc1978 axiv, 257 p.